|
|
|
|
| LEADER |
01522nam a2200397 i 4500 |
| 001 |
000572287 |
| 003 |
CZ BrMZK |
| 005 |
20220118180548.0 |
| 007 |
ta |
| 008 |
010924s2001 xr a f cze d |
| 015 |
|
|
|a cnb001029064
|
| 020 |
|
|
|a 80-902921-2-7
|q (FOTEP ;
|q brožováno)
|
| 035 |
|
|
|a (OCoLC)50342565
|
| 040 |
|
|
|a ABA001
|b cze
|d BOA001
|e rda
|
| 041 |
1 |
|
|a cze
|a eng
|a ger
|h cze
|
| 043 |
|
|
|a e-xr---
|b e-xr-jm
|2 czenas
|
| 072 |
|
7 |
|a 72
|x Architektura
|2 Konspekt
|9 21
|
| 080 |
|
|
|a 728.81
|2 MRF
|
| 080 |
|
|
|a (036)
|2 MRF
|
| 100 |
1 |
|
|a Vaněk, Jiří
|7 jx20071128083
|4 aut
|
| 245 |
1 |
0 |
|a Hrad Špilberk /
|c text Jiří Vaněk ; fotografie Libor Teplý
|
| 250 |
|
|
|a 1. vydání
|
| 264 |
|
1 |
|a Brno :
|b FOTEP,
|c 2001
|
| 300 |
|
|
|a 13 nečíslovaných stran :
|b barevné ilustrace ;
|c 21 cm +
|e souběžný anglický text (dvoulist) + souběžný německý text (dvoulist)
|
| 336 |
|
|
|a text
|b txt
|2 rdacontent
|
| 337 |
|
|
|a bez média
|b n
|2 rdamedia
|
| 338 |
|
|
|a svazek
|b nc
|2 rdacarrier
|
| 546 |
|
|
|a Souběžný anglický a německý text
|
| 610 |
2 |
7 |
|a Špilberk (hrad)
|7 ko2002101842
|2 czenas
|
| 650 |
0 |
7 |
|a hrady
|7 ph120854
|z Česko
|2 czenas
|
| 655 |
|
7 |
|a informační publikace
|7 fd132454
|2 czenas
|
| 700 |
1 |
|
|a Teplý, Libor,
|d 1955-
|7 jn20000728740
|4 pht
|
| 910 |
|
|
|a BOA001
|b 2-1090.305
|
| 990 |
|
|
|a BK
|
| 996 |
6 |
|
|b 2610142513
|c 2-1090.305
|l MZK
|r Sklad / do 1 hodiny
|n 14
|p p.v.
|w 000572287
|u 000010
|a 1
|e BOA001
|j MZK50
|s P
|
| 996 |
7 |
|
|b 2610233927
|c 2-1090.305
|l MZK
|r Sklad / do 1 hodiny
|n 27
|p kup
|w 000572287
|u 000020
|a 1
|e BOA001
|j MZK50
|s A
|